Materials and process specifications and standards : report of the Committee on Materials Specifications, Testing Methods, and Standards, National Materials Advisory Board, Commission on Sociotechnical Systems, National Research Council.

Bibliographic Details
Corporate Author: National Research Council (U.S.). Committee on Materials Specifications, Testing Methods, and Standards
Format: Book
Language:English
Published: Washington : National Academy of Sciences, 1977.
Subjects:

MARC

Tag First Indicator Second Indicator Subfields
LEADER 00000cam a2200000 i 4500
001 in00000594513
005 20151014163522.0
008 780111s1977 dcua f00000 eng
010 |a  77092433  
020 |a 0309027314 
035 |a (OCoLC)03608652 
035 |9 ACS2931AM 
040 |a DLC  |c DLC  |d OCL  |d TXA  |d UtOrBLW 
049 |a TXAM  |c [1538088] 
050 0 0 |a TA404.5  |b .N38 1977 
082 0 |a 620.1/1 
110 2 |a National Research Council (U.S.).  |b Committee on Materials Specifications, Testing Methods, and Standards. 
245 1 0 |a Materials and process specifications and standards :  |b report of the Committee on Materials Specifications, Testing Methods, and Standards, National Materials Advisory Board, Commission on Sociotechnical Systems, National Research Council. 
264 1 |a Washington :  |b National Academy of Sciences,  |c 1977. 
300 |a xx, 213 pages :  |b illustrations ;  |c 28 cm. 
336 |a text  |b txt  |2 rdacontent 
337 |a unmediated  |b n  |2 rdamedia 
338 |a volume  |b nc  |2 rdacarrier 
650 0 |a Materials  |x Standards. 
650 0 |a Materials  |x Specifications. 
999 |a MARS 
999 f f |s 8bb5f63a-fd62-3074-a86e-6d5886640a1a  |i 240e6e84-11cd-392d-98e6-11b69a99677f  |t 0 
952 f f |p ric  |a Texas A&M University  |b Rellis Campus  |c Joint Library Facility  |d Remote Storage  |t 0  |e TA404.5 .N38 1977  |h Library of Congress classification  |i unmediated -- volume  |m A14805309804 
998 f f |a TA404.5 .N38 1977  |t 0  |l Remote Storage